Trenerzy reprezentacji Polski w piłce nożnej - nagła śmierć - Statystyki

Ogólne statystyki
  • Ten quiz został rozwiązany 296 razy
  • Średni wynik to 11 z 16
Answers on the Grid
Answers color-coded by a green-red scale on the quiz's grid according to % correct below.
Adam Nawałka
Mateusz Borek
Leo Beenhakker
Pep Guardiola
Grzegorz Lato
Franciszek Smuda
Marek Papszun
Michał Probierz
Xabi Alonso
Mieczysław Golba
José Mourinho
Paulo Sousa
Zdzisław Kręcina
Jerzy Brzęczek
Czesław Michniewicz
Alex Ferguson
Henryk Kula
Antoni Piechniczek
Jürgen Klopp
Krzysztof Stanowski
Kazimierz Górski
Arsène Wenger
Paweł Janas
Carlo Ancelotti
Fernando Santos
Apoloniusz Tajner
Waldemar Fornalik
Bogdan Wenta
Zbigniew Boniek
Wojciech Kowalczyk
Janusz Wójcik
Adrian Siemieniec
Jerzy Engel
Jacek Magiera
Andrzej Strejlau
Unai Emery
 
Statystyki odpowiedzi
Odpowiedź % Poprawnych
Adam Nawałka
98%
Franciszek Smuda
84%
Michał Probierz
84%
Leo Beenhakker
81%
Jerzy Brzęczek
73%
Czesław Michniewicz
72%
Paulo Sousa
70%
Kazimierz Górski
67%
Paweł Janas
61%
Jerzy Engel
60%
Waldemar Fornalik
60%
Antoni Piechniczek
59%
Fernando Santos
59%
Zbigniew Boniek
58%
Andrzej Strejlau
47%
Janusz Wójcik
47%
Nie znaleziono quizów pasujących do podanych kryteriów
Rozkład punktacji
Procent ludzi z każdym wynikiem
Percentyl według liczby udzielonych odpowiedzi
Twoja historia wyników
Nie rozwiązałeś tego quizu